ARRUPE JESUIT UNIVERSITY

CORONAVIRUS -STOP THE SPREAD - CLEAN,DISINFECT,COVER

Mozambique (Record no. 130043)

MARC details
000 -LEADER
fixed length control field 00586nam a22001577a 4500
008 - FIXED-LENGTH DATA ELEMENTS--GENERAL INFORMATION
fixed length control field 191114b ||||| |||| 00| 0 eng d
050 ## - LIBRARY OF CONGRESS CALL NUMBER
Classification number GE160.M85
Item number M69 1990
100 ## - MAIN ENTRY--PERSONAL NAME
Personal name Chonguica, Ebenizario M.W. et al...
9 (RLIN) 48705
245 ## - TITLE STATEMENT
Title Mozambique
Remainder of title the present environmental situation 1990
Statement of responsibility, etc Ebenizario M.W. Chonguica, et al...
260 ## - PUBLICATION, DISTRIBUTION, ETC. (IMPRINT)
Place of publication, distribution, etc Mozambique
Name of publisher, distributor, etc NORAD
Date of publication, distribution, etc 1990
300 ## - PHYSICAL DESCRIPTION
Extent (2v.), ;
Dimensions 30cm.
650 ## - SUBJECT ADDED ENTRY--TOPICAL TERM
Topical term or geographic name as entry element Environmental degradation
Geographic subdivision Mozambique
9 (RLIN) 48706
650 ## - SUBJECT ADDED ENTRY--TOPICAL TERM
Topical term or geographic name as entry element Human ecology
Geographic subdivision Mozambique
9 (RLIN) 48707
651 ## - SUBJECT ADDED ENTRY--GEOGRAPHIC NAME
Geographic name Mozambique
General subdivision Environmental conditions
9 (RLIN) 48708
942 ## - ADDED ENTRY ELEMENTS (KOHA)
Source of classification or shelving scheme Library of Congress Classification
Item type Monograph ( Printed materials)
Holdings
Withdrawn status Lost status Source of classification or shelving scheme Damaged status Not for loan Collection code Home library Current library Shelving location Date acquired Total Checkouts Full call number Barcode Date last seen Price effective from Koha item type
    Library of Congress Classification     Main Collection ARRUPE LIBRARY ARRUPE LIBRARY Main Collection 14/11/2019   GE160.M85 M69 1990 46600005896 14/11/2019 14/11/2019 Monograph ( Printed materials)
    Library of Congress Classification     Main Collection ARRUPE LIBRARY ARRUPE LIBRARY Main Collection 14/11/2019   GE160.M85 M69 1990 46600005898 14/11/2019 14/11/2019 Monograph ( Printed materials)

 

Arrupe Library. PO Box MP320 Mt Pleasant, Harare, Zimbabwe
263 242 745411|librarian@aju.ac.zw